00425nmm a2200145Ia 4500008004100000020001500041041000800056100002200064245002800086264005100114300001800165490002300183650002300206856005000229251105s9999||||xx |||||||||||||||||und|| a8497423526 aspa aPorpetta, Antonio 0aGabriel Miró y el mar a[Madrid, España] :bBiblioteca Nueva, c2004 a148 páginas aEnsayo Pensamiento aSpanish literature uhttps://public.digitaliapublishing.com/a/5159